[Event "First Saturday 2010 junius FM-A"]
[Site "Budapest"]
[Date "2010.06.11"]
[Round "7"]
[White "Zala, Gyula"]
[Black "Kis, Bela"]
[Result "0-1"]
[WhiteElo "2082"]
[BlackElo "2116"]
[PlyCount "98"]
[EventDate "2010.06.05"]

1. e4 e5 2. d3 Nf6 3. d4 Nxe4 4. Qe2 d5 5. f3 Nd6 6. dxe5 Nf5 7. g4 Nd4 8. Qg2
Qh4+ 9. Kd1 h5 10. Qg3 hxg4 11. Qxh4 Rxh4 12. c3 Nf5 13. Bg2 Bc5 14. Ne2 Ne3+
15. Bxe3 Bxe3 16. f4 c6 17. Nd2 Bf5 18. Nf1 Bb6 19. Nfg3 Bd7 20. Kd2 Na6 21.
Nd4 g6 22. Rae1 O-O-O 23. f5 Bxd4 24. cxd4 gxf5 25. Ref1 Rdh8 26. a3 Rxh2 27.
Ke3 Nc7 28. Rd1 Rxh1 29. Rxh1 Rxh1 30. Bxh1 Kd8 31. Bg2 Ke7 32. Bf1 Ne8 33. Nh5
f6 34. Kf4 fxe5+ 35. dxe5 Kf7 36. Bd3 Ng7 37. Nf6 Bc8 38. Nh7 Ne6+ 39. Kg3 Nc5
40. Be2 Ne6 41. Bd3 f4+ 42. Kh4 g3 43. Bf1 Nc5 44. Ng5+ Kg6 45. Bg2 Bf5 46. Bf3
Ne6 47. Bh5+ Kg7 48. Nf3 Be4 49. Ng1 d4 0-1

[Event "First Saturday 2010 junius FM-A"]
[Site "Budapest"]
[Date "2010.06.11"]
[Round "7"]
[White "Letay, Gyula"]
[Black "Hocevar, Nikola"]
[Result "0-1"]
[WhiteElo "2107"]
[BlackElo "2105"]
[PlyCount "88"]
[EventDate "2010.06.05"]

1. e4 c5 2. Nc3 Nc6 3. g3 g6 4. Bg2 Bg7 5. d3 d6 6. Be3 e6 7. Qd2 Nge7 8. Nge2
Nd4 9. O-O O-O 10. Nd1 Rb8 11. Nc1 b5 12. c3 Ndc6 13. Bh6 d5 14. Bxg7 Kxg7 15.
Qc2 Bb7 16. f4 f6 17. Nf2 Qd6 18. Ne2 Rbd8 19. Rad1 Qb8 20. g4 e5 21. Qc1 d4
22. c4 exf4 23. Nxf4 Qe5 24. Rde1 Bc8 25. h4 Be6 26. Bh3 Rf7 27. Kg2 h6 28.
Nxe6+ Qxe6 29. g5 Qd6 30. gxf6+ Qxf6 31. Ng4 Qxh4 32. Rxf7+ Kxf7 33. Rf1+ Kg7
34. Qf4 Qg5 35. Qf7+ Kh8 36. Kh1 Ne5 37. Nxe5 Qxe5 38. Rf6 Qg3 39. Rf3 Qh4 40.
Kh2 Rg8 41. Rf4 Qg5 42. Be6 Rg7 43. Qf8+ Kh7 44. Rf7 Qe5+ 0-1

[Event "First Saturday 2010 junius FM-A"]
[Site "Budapest"]
[Date "2010.06.11"]
[Round "7"]
[White "Teglas, Balazs"]
[Black "Koczo, Kristof"]
[Result "0-1"]
[WhiteElo "2195"]
[BlackElo "2167"]
[PlyCount "74"]
[EventDate "2010.06.05"]

1. d4 d5 2. Bf4 e6 3. e3 c5 4. c3 Nc6 5. Nd2 Nf6 6. Bd3 Bd6 7. dxc5 Bxc5 8.
Ngf3 O-O 9. O-O Qe7 10. e4 dxe4 11. Nxe4 Nxe4 12. Bxe4 f5 13. Bxc6 bxc6 14. Qa4
Bd6 15. Qxc6 Bxf4 16. Qxa8 Qc7 17. Nd4 Bxh2+ 18. Kh1 Bd7 19. Qf3 Rf6 20. g3 Rh6
21. Kg2 Bc8 22. Qd3 Bb7+ 23. Nf3 Be4 24. Qe3 Qf7 25. Qg5 Qb7 26. Qe3 f4 27. Qe2
Rg6 28. Rae1 Bc6 29. Qd3 Bxg3 30. Rxe6 Rxe6 31. fxg3 fxg3 32. Qd8+ Re8 33. Qd6
Rf8 34. Kxg3 Bxf3 35. Qe6+ Kh8 36. Qe3 Qb8+ 37. Kh4 Qh2+ 0-1

[Event "First Saturday 2010 junius FM-A"]
[Site "Budapest"]
[Date "2010.06.11"]
[Round "7"]
[White "Honsch, Pal"]
[Black "Mester, Attila"]
[Result "1-0"]
[WhiteElo "2015"]
[BlackElo "2109"]
[PlyCount "85"]
[EventDate "2010.06.05"]

1. d4 Nf6 2. c4 g6 3. Nf3 Bg7 4. g3 O-O 5. Nc3 d6 6. Bg2 Nc6 7. O-O a6 8. d5
Na5 9. Nd2 c5 10. Qc2 Rb8 11. b3 b5 12. Bb2 e5 13. Nd1 Nh5 14. e3 f5 15. f4
exf4 16. Bxg7 Nxg7 17. exf4 Re8 18. Nf2 Rb7 19. Rfe1 Rbe7 20. Nf3 Rxe1+ 21.
Rxe1 Rxe1+ 22. Nxe1 bxc4 23. bxc4 Bd7 24. Qc3 Kf7 25. Nf3 h6 26. Nd2 Qb6 27.
Nd3 Ba4 28. Bf3 Nb7 29. Qa3 Bc2 30. Ne1 Bb1 31. Qb3 Qxb3 32. axb3 Be4 33. Bxe4
fxe4 34. Nxe4 Nf5 35. Nc2 h5 36. Kf2 Na5 37. Nd2 Ke7 38. h3 Kd7 39. g4 Ng7 40.
Kg3 Ke7 41. Ne3 Nb7 42. Kh4 hxg4 43. hxg4 1-0

[Event "First Saturday 2010 junius FM-A"]
[Site "Budapest"]
[Date "2010.06.11"]
[Round "7"]
[White "Tran, Minh Trang"]
[Black "Schenkerik, Csaba"]
[Result "1-0"]
[WhiteElo "2021"]
[BlackElo "2161"]
[PlyCount "71"]
[EventDate "2010.06.05"]

1. d4 d5 2. Bf4 c5 3. c3 Qb6 4. Qd2 Nf6 5. e3 Bf5 6. Nf3 Ne4 7. Qc1 e6 8. Nbd2
Nc6 9. Nxe4 Bxe4 10. Qd2 Be7 11. Bd3 Bxd3 12. Qxd3 Rc8 13. O-O O-O 14. b3 cxd4
15. exd4 Rfd8 16. Bg5 h6 17. Bxe7 Nxe7 18. Ne5 Nf5 19. g4 Nd6 20. f3 Nb5 21.
Rac1 Qa5 22. b4 Qb6 23. a4 Nd6 24. Kh1 Nc4 25. f4 Nxe5 26. fxe5 Qc6 27. g5 hxg5
28. Rg1 Qc4 29. Qe3 g6 30. Rxg5 Qb3 31. Qd3 Rd7 32. h4 Qb2 33. Rcg1 Rxc3 34.
Rxg6+ Kf8 35. Rg8+ Ke7 36. Qf1 1-0

[Event "First Saturday 2010 junius FM-A"]
[Site "Budapest"]
[Date "2010.06.12"]
[Round "8"]
[White "Kis, Bela"]
[Black "Schenkerik, Csaba"]
[Result "1-0"]
[WhiteElo "2116"]
[BlackElo "2161"]
[PlyCount "131"]
[EventDate "2010.06.05"]

1. e4 e6 2. d3 d5 3. Nd2 Nf6 4. Ngf3 Be7 5. g3 O-O 6. Bg2 c5 7. O-O Nc6 8. e5
Nd7 9. Re1 Qc7 10. Qe2 b6 11. Nf1 Ba6 12. Bf4 Rac8 13. h4 Nd4 14. Nxd4 cxd4 15.
Rac1 Nc5 16. b3 Ne4 17. Qg4 Nc3 18. Bh6 g6 19. Nh2 Nxa2 20. Qxd4 Nxc1 21. Rxc1
Bc5 22. Qa4 Qxe5 23. Bf4 Qd4 24. Qxa6 Qxf2+ 25. Kh1 h5 26. Qa1 Bd4 27. c3 Bg7
28. d4 a5 29. Qb1 Qe2 30. Bf1 Qe4+ 31. Qxe4 dxe4 32. Ba6 Rcd8 33. Re1 f5 34.
Bc4 Rfe8 35. Bc7 Rc8 36. Bxb6 a4 37. Bc5 axb3 38. Bxb3 Bf8 39. Ba4 Red8 40. Bb6
Rd6 41. Bc5 Ra6 42. Bb5 Ra5 43. Bd7 Rb8 44. Bxe6+ Kg7 45. Bxf8+ Kxf8 46. Nf1
Ke7 47. Bc4 Ra3 48. Ne3 Kf8 49. Rc1 Rc8 50. Kg2 Ra4 51. Be6 Rc6 52. Bd5 Rc7 53.
c4 Ra3 54. Kf2 Rca7 55. c5 Ke7 56. Bc4 R7a5 57. Rc2 Ra1 58. Rb2 Rc1 59. Rb7+
Kd8 60. c6 Ra4 61. Nd5 Rc2+ 62. Ke3 Ra3+ 63. Kf4 Ra8 64. Rd7+ Kc8 65. Nb6+ Kb8
66. Rb7# 1-0

[Event "First Saturday 2010 junius FM-A"]
[Site "Budapest"]
[Date "2010.06.12"]
[Round "8"]
[White "Mester, Attila"]
[Black "Tran, Minh Trang"]
[Result "1-0"]
[WhiteElo "2109"]
[BlackElo "2021"]
[PlyCount "129"]
[EventDate "2010.06.05"]

1. e4 c5 2. Nf3 g6 3. d4 cxd4 4. Nxd4 Nc6 5. c4 Bg7 6. Be3 Nf6 7. Nc3 O-O 8.
Be2 Qb6 9. Nxc6 Qxc6 10. f3 d6 11. Rc1 Be6 12. Nd5 Bxd5 13. exd5 Qd7 14. O-O
Ne8 15. b3 f5 16. Qd2 Nf6 17. Rfe1 Rf7 18. Bf1 Kh8 19. g3 Raf8 20. Bxa7 f4 21.
g4 g5 22. Re6 Ne8 23. Rce1 Bf6 24. Bb6 Ng7 25. Bd3 Nxe6 26. dxe6 Qc6 27. Bf2
Rg7 28. Be4 Qc7 29. a4 Be5 30. a5 Rf6 31. Bd5 h5 32. Qb4 hxg4 33. fxg4 f3 34.
Qb6 Qxb6 35. Bxb6 Rh7 36. Rxe5 dxe5 37. Bf2 Rhh6 38. Bxb7 Rxe6 39. Bxf3 e4 40.
Bd4+ Kg8 41. Be2 Rd6 42. Be3 Rh3 43. Bxg5 Rxb3 44. c5 Rb1+ 45. Kf2 Rd7 46. Bf4
Ra7 47. a6 Rb2 48. Ke3 Rxe2+ 49. Kxe2 Rxa6 50. Ke3 Re6 51. h4 Kg7 52. h5 Kh7
53. Kd4 Kg7 54. g5 Kf7 55. Be3 Ra6 56. Kxe4 Ke6 57. Bd4 Ra2 58. h6 Rh2 59. Be3
Kf7 60. c6 Kg6 61. Kd5 Rc2 62. Bd4 Rc1 63. Be5 Rd1+ 64. Ke6 Kh7 65. c7 1-0

[Event "First Saturday 2010 junius FM-A"]
[Site "Budapest"]
[Date "2010.06.12"]
[Round "8"]
[White "Koczo, Kristof"]
[Black "Honsch, Pal"]
[Result "0-1"]
[WhiteElo "2167"]
[BlackElo "2015"]
[PlyCount "48"]
[EventDate "2010.06.05"]

1. d4 Nf6 2. c4 e6 3. Nc3 c5 4. d5 exd5 5. cxd5 d6 6. e4 g6 7. h3 Bg7 8. Bg5
O-O 9. Bd3 b5 10. Nxb5 Qb6 11. Bxf6 Bxf6 12. Qd2 Ba6 13. a4 Bxb5 14. axb5 a5
15. bxa6 Nxa6 16. Bxa6 Rxa6 17. Rxa6 Qxa6 18. Ne2 Rb8 19. f4 Rxb2 20. Qd1 Qa2
21. e5 Bh4+ 22. g3 Rb1 23. gxh4 Rxd1+ 24. Kxd1 Qxd5+ 0-1

[Event "First Saturday 2010 junius FM-A"]
[Site "Budapest"]
[Date "2010.06.12"]
[Round "8"]
[White "Hocevar, Nikola"]
[Black "Teglas, Balazs"]
[Result "0-1"]
[WhiteElo "2105"]
[BlackElo "2195"]
[PlyCount "74"]
[EventDate "2010.06.05"]

1. c4 c5 2. Nc3 Nf6 3. g3 d5 4. cxd5 Nxd5 5. Bg2 Nc7 6. Nf3 Nc6 7. O-O e5 8. d3
Be7 9. Be3 O-O 10. Na4 b6 11. a3 Be6 12. Rc1 Na5 13. Nd2 Nd5 14. Bxd5 Qxd5 15.
f3 Rad8 16. Nc3 Qb7 17. Qa4 Nc6 18. Rfe1 f5 19. Bf2 Nd4 20. Kg2 g5 21. e3 Nxf3
22. Nxf3 g4 23. e4 gxf3+ 24. Kg1 f4 25. Nd5 Bh4 26. Kh1 Qg7 27. Qc2 Bh3 28. g4
Qxg4 29. Bxh4 Bg2+ 30. Kg1 Qxh4 31. Qf2 Qh3 32. Ne7+ Kh8 33. Rc2 Rg8 34. Nxg8
Rxg8 35. Qd2 Bf1+ 36. Kh1 Rg2 37. Qxg2 fxg2+ 0-1

[Event "First Saturday 2010 junius FM-A"]
[Site "Budapest"]
[Date "2010.06.12"]
[Round "8"]
[White "Zala, Gyula"]
[Black "Letay, Gyula"]
[Result "0-1"]
[WhiteElo "2082"]
[BlackElo "2107"]
[PlyCount "66"]
[EventDate "2010.06.05"]

1. a3 e5 2. e4 Nf6 3. d4 Nxe4 4. Qe2 d5 5. f3 Nd6 6. dxe5 Nc4 7. b3 Nb6 8. Bb2
Nc6 9. f4 Bf5 10. Nf3 Be7 11. Nc3 O-O 12. O-O-O a5 13. g4 Bxg4 14. Rg1 Bf5 15.
Qg2 g6 16. Bd3 Qc8 17. Ne2 a4 18. Ned4 Nxd4 19. Nxd4 Bxd3 20. Rxd3 c5 21. f5
cxd4 22. f6 Qe6 23. Qg5 Rfe8 24. Rxd4 axb3 25. fxe7 Rxe7 26. Rh4 Nd7 27. Qh6
Nf8 28. cxb3 Qf5 29. e6 Rc8+ 30. Rc4 Rxc4+ 31. bxc4 Nxe6 32. Re1 d4 33. Kd2 Rd7
0-1

[Event "First Saturday 2010 junius FM-A"]
[Site "Budapest"]
[Date "2010.06.13"]
[Round "9"]
[White "Letay, Gyula"]
[Black "Kis, Bela"]
[Result "1/2-1/2"]
[WhiteElo "2107"]
[BlackElo "2116"]
[PlyCount "21"]
[EventDate "2010.06.05"]

1. e4 e5 2. Nf3 Nc6 3. Bc4 Bc5 4. c3 d6 5. h3 Nf6 6. d3 h6 7. O-O O-O 8. Re1
Ne7 9. a4 c6 10. Nbd2 Ng6 11. Nf1 1/2-1/2

[Event "First Saturday 2010 junius FM-A"]
[Site "Budapest"]
[Date "2010.06.13"]
[Round "9"]
[White "Teglas, Balazs"]
[Black "Zala, Gyula"]
[Result "1-0"]
[WhiteElo "2195"]
[BlackElo "2082"]
[PlyCount "31"]
[EventDate "2010.06.05"]

1. d4 d5 2. Bf4 e6 3. e3 f5 4. Nf3 c6 5. Be2 Nf6 6. O-O Be7 7. c4 O-O 8. h3
Nbd7 9. Bh2 Ne4 10. Ne5 Nb6 11. Nc3 Bf6 12. Rc1 Bd7 13. c5 Nc4 14. Nxe4 Bxe5
15. Bxe5 fxe4 16. Bxc4 1-0

[Event "First Saturday 2010 junius FM-A"]
[Site "Budapest"]
[Date "2010.06.13"]
[Round "9"]
[White "Tran, Minh Trang"]
[Black "Koczo, Kristof"]
[Result "1/2-1/2"]
[WhiteElo "2021"]
[BlackElo "2167"]
[PlyCount "55"]
[EventDate "2010.06.05"]

1. d4 d5 2. Bf4 Bf5 3. e3 e6 4. Nd2 Nd7 5. c4 dxc4 6. Bxc4 Bd6 7. Ne2 Ngf6 8.
O-O e5 9. Bg3 O-O 10. h3 Qe7 11. Re1 Rad8 12. Qb3 Nb6 13. Rac1 Bd7 14. Nc3 Bb4
15. Bxe5 Ba4 16. Bxf6 gxf6 17. Nxa4 Bxd2 18. Nxb6 axb6 19. Qd3 Bxe1 20. Rxe1
Rd6 21. Rd1 Rfd8 22. Qf5 Qd7 23. Qh5 c5 24. Bd3 cxd4 25. Bf5 Qa4 26. Qh6 Qxd1+
27. Kh2 R8d7 28. Bxh7+ 1/2-1/2

[Event "First Saturday 2010 junius FM-A"]
[Site "Budapest"]
[Date "2010.06.13"]
[Round "9"]
[White "Schenkerik, Csaba"]
[Black "Mester, Attila"]
[Result "1/2-1/2"]
[WhiteElo "2161"]
[BlackElo "2109"]
[PlyCount "84"]
[EventDate "2010.06.05"]

1. e4 c5 2. Nf3 Nc6 3. d4 cxd4 4. Nxd4 Nf6 5. Nc3 d6 6. Bc4 Qb6 7. Nb3 e6 8.
Be3 Qc7 9. O-O a6 10. a4 b6 11. Be2 Be7 12. f4 O-O 13. Bf3 Rb8 14. Qe1 Na5 15.
Nd2 Bb7 16. Qf2 Ba8 17. Qe2 Bb7 18. Qf2 Nd7 19. Rac1 Bf6 20. Bd4 e5 21. fxe5
Bxe5 22. Nd5 Bxd5 23. exd5 Nc4 24. b3 Nxd2 25. Qxd2 Bxd4+ 26. Qxd4 Ne5 27. Be2
a5 28. Bb5 Rbc8 29. c3 Qc5 30. Rfd1 Rc7 31. Qxc5 Rxc5 32. b4 Rc7 33. bxa5 bxa5
34. Bc6 Nxc6 35. dxc6 Rxc6 36. Rd5 Ra8 37. Rb1 Kf8 38. Rbb5 Ke7 39. Rxa5 Rxa5
40. Rxa5 Rxc3 41. Kf2 Ra3 42. Ra8 h5 {after 45 move} 1/2-1/2